Szczegóły MARC
| 000 -ETYKIETA REKORDU |
| podpole kontrolne o stałej długości |
01771nam a2200373 i 4500 |
| 001 - NUMER KONTROLNY REKORDU |
| pole kontrolne |
12469 |
| 003 - IDENTYFIKATOR NUMERU KONTROLNEGO REKORDU |
| podpole kontrolne |
KOSZ 005 |
| 005 - DATA OSTATNIEJ MODYFIKACJI REKORDU |
| podpole kontrolne |
20191015092153.0 |
| 008 - POLE O STAŁEJ DŁUGOŚCI - DANE KONTROLNE |
| podpole kontrolne o stałej długości |
990506s1967 pl f d |000 0 mul |
| 015 ## - NUMER BIBLIOGRAFII NARODOWEJ |
| Numer bibliografii narodowej |
PB 1968/2385 |
| 035 ## - NUMER SYSTEMOWY |
| Numer systemowy przejętego rekordu |
(OCoLC)830233700 |
| 040 ## - ŹRÓDŁO KATALOGOWANIA |
| Instytucja, która sporządziła opis |
WA N |
| Instytucja, która utworzyła rekord |
WA N |
| Instytucja, która dokonała modyfikacji |
KOSZ 005/HR |
| 080 ## - UNIWERSALNA KLASYFIKACJA DZIESIĘTNA - UKD |
| UKD |
621.3(03)=00 |
| 080 ## - UNIWERSALNA KLASYFIKACJA DZIESIĘTNA - UKD |
| UKD |
537(03)=00 |
| 245 00 - TYTUŁ/ODPOWIEDZIALNOŚĆ |
| Tytuł |
Międzynarodowy słownik terminologii elektrycznej = |
| Ciąg dalszy tytułu |
International electrotechnical vocabulary = Vocabulaire électrotechnique international = Meždunarodnyj èlektrotechničeskij sbornik terminov : w 9 językach: polski, niemiecki, angielski, hiszpański, francuski, włoski, holenderski, rosyjski, szwedzki. |
| Oznaczenie części/sekcji dzieła |
7. Dział 40, |
| Tytuł części/sekcji dzieła |
Zastosowania elektrotermiczne. |
| Oznaczenie części/sekcji dzieła |
Dział 45, |
| Tytuł części/sekcji dzieła |
Oświetlenie. |
| Oznaczenie części/sekcji dzieła |
Dział 50, |
| Tytuł części/sekcji dzieła |
Elektrochemia i elektrometalurgia / |
| Pozostałe elementy strefy tytułu i oznaczenia odpowiedzialności |
[oprac. Gustaw Hornziel et al.] ; Międzynarodowa Komisja Elektrotechniczna. |
| 246 31 - WARIANT TYTUŁU |
| Tytuł |
International electrotechnical vocabulary. |
| 246 31 - WARIANT TYTUŁU |
| Tytuł |
Vocabulaire électrotechnique international. |
| 246 31 - WARIANT TYTUŁU |
| Tytuł |
Meždunarodnyj èlektrotechničeskij sbornik terminov. |
| 260 ## - STREFA ADRESU WYDAWNICZEGO |
| Miejsce wydania |
Warszawa : |
| Nazwa wydawcy/dystrybutora |
Państw. Wydaw. Techniczne, |
| Data publikacji, dystrybucji/powstania dokumentu |
1967. |
| 300 ## - STREFA OPISU FIZYCZNEGO |
| Objętość |
VII, [1], 169, [6] s. ; |
| Rozmiary |
30 cm. |
| 380 ## - FORMA I TYP PUBLIKACJI |
| Forma i typ publikacji |
Książki. |
| 388 ## - CZAS POWSTANIA |
| Czas powstania |
1901-2000 |
| 500 ## - UWAGI OGÓLNE |
| Tekst uwagi |
Tł. pol. wyd. 2 z fr. oryg. |
| 546 ## - UWAGA O JĘZYKU |
| Uwaga o języku |
Tekst równol. w jęz. pol., hol., ang., fr., niem., wł., ros., hisz., szw. |
| 658 ## - TERMIN INDEKSOWY - PRZEDMIOT PROGRAMU NAUCZANIA |
| Główny przedmiot programu nauczania |
Inżynieria i technika |
| 658 ## - TERMIN INDEKSOWY - PRZEDMIOT PROGRAMU NAUCZANIA |
| Główny przedmiot programu nauczania |
Językoznawstwo |
| 650 #4 - HASŁO PRZEDMIOTOWE W FORMIE NAZWY OGÓLNEJ LUB JEDNOSTKOWEJ |
| Nazwa ogólna lub geograficzna |
Elektryczność |
| 650 #4 - HASŁO PRZEDMIOTOWE W FORMIE NAZWY OGÓLNEJ LUB JEDNOSTKOWEJ |
| Nazwa ogólna lub geograficzna |
Terminologia |
| 650 #4 - HASŁO PRZEDMIOTOWE W FORMIE NAZWY OGÓLNEJ LUB JEDNOSTKOWEJ |
| Nazwa ogólna lub geograficzna |
Elektrotechnika |
| 655 #4 - TERMIN INDEKSOWY - OKREŚLENIE RODZAJU/FORMY DOKUMENTU |
| Określenie rodzaju/formy dokumentu |
Słownik wielojęzyczny |
| 700 1# - HASŁO DODATKOWE - NAZWA OSOBOWA |
| Nazwa osobowa |
Hornziel, Gustaw. |
| Określenie związku między hasłem a opisywanym materiałem |
Opracowanie |
| 856 ## - LOKALIZACJA I DOSTĘP DO ELEKTRONICZNYCH DOKUMENTÓW ZDALNYCH |
| Link (URL) |
http://koha.tu.koszalin.pl/cgi-bin/koha/opac-detail.pl?biblionumber=12469 |
| Tekst linku |
Katalog online BPK |
| 942 ## - DODATKOWE ELEMENTY (KOHA) |
| Schemat klasyfikacji |
Uniwersalna Klasyfikacja Dziesiętna |
| Typ dokumentu |
Książka |